Catálogo

Je regá rikínare Guadalupe = (Registro nro. 24317)

Detalles MARC
000 -LEADER
fixed length control field 01226nam a2200313 a 4500
001 - CONTROL NUMBER
control field 24317
003 - CONTROL NUMBER IDENTIFIER
control field Mx-PuUPA
005 - DATE AND TIME OF LATEST TRANSACTION
control field 20250509091513.0
008 - FIXED-LENGTH DATA ELEMENTS--GENERAL INFORMATION
fixed length control field 140415s2002 mx a gr 001 0 mul d
040 ## - CATALOGING SOURCE
Original cataloging agency Mx-PuUPA
Language of cataloging spa
Transcribing agency Mx-PuUPA
Modifying agency Mx-PuUPA
Description conventions rda
041 1# - LANGUAGE CODE
Language code of text/sound track or separate title spa
-- cai
Language code of original nah
100 1# - MAIN ENTRY--PERSONAL NAME
Personal name Valeriano, Antonio,
Dates associated with a name approximately 1520-1605
9 (RLIN) 308
240 10 - UNIFORM TITLE
Uniform title Nican Mopohua.
Language of a work Español
245 10 - TITLE STATEMENT
Title Je regá rikínare Guadalupe =
Remainder of title así descendió Guadalupe. Versión rarámuri del Nican Mopohua /
Statement of responsibility, etc. Antonio Valeriano ; Patricio Parra, traductor
264 #3 - PRODUCTION, PUBLICATION, DISTRIBUTION, MANUFACTURE, AND COPYRIGHT NOTICE
Place of production, publication, distribution, manufacture Sisoguchi, Chihuahua :
Name of producer, publisher, distributor, manufacturer Ediciones diocesanas de la Tarahumara,
Date of production, publication, distribution, manufacture, or copyright notice 2002
300 ## - PHYSICAL DESCRIPTION
Extent 77 páginas
336 ## - CONTENT TYPE
Fuente rdacontent
Content type term texto
Content type code txt
337 ## - MEDIA TYPE
Source rdamedia
Media type term sin medio
Media type code n
338 ## - CARRIER TYPE
Source rdacarrier
Carrier type term volumen
Carrier type code nc
546 ## - LANGUAGE NOTE
Language note Texto en español y rarámuri (tarahumara).
650 #7 - SUBJECT ADDED ENTRY--TOPICAL TERM
Source of heading or term armarc
Topical term or geographic name entry element Guadalupe, Virgen de
General subdivision Apariciones y milagros
650 #7 - SUBJECT ADDED ENTRY--TOPICAL TERM
Source of heading or term armarc
Topical term or geographic name entry element Virgen María
General subdivision Apariciones y milagros
700 1# - ADDED ENTRY--PERSONAL NAME
Personal name Parra, Patricio,
Dates associated with a name traductor
765 1# - ORIGINAL LANGUAGE ENTRY
Main entry heading Valeriano, Antonio
Title Nican mopohua
Place, publisher, and date of publication [1649]
942 ## - ADDED ENTRY ELEMENTS (KOHA)
Source of classification or shelving scheme Dewey Decimal Classification
Koha item type Libro
Classification part V3519
260 ## - PUBLICATION, DISTRIBUTION, ETC.
Place of publication, distribution, etc. [s.l.] :
Name of publisher, distributor, etc. G. ADRIANA VELAZQUEZ GONZALEZ,
Date of publication, distribution, etc. 1998
Existencias
Withdrawn status Lost status Source of classification or shelving scheme Damaged status Not for loan Collection code Home library Current library Shelving location Source of acquisition Total Checkouts Full call number Barcode Date last seen Date last checked out Price effective from Koha item type
    Dewey Decimal Classification     General Centro de Estudios Guadalupanos Centro de Estudios Guadalupanos Sala general   232.917 V3519 2002 45395 05/01/2026 07/10/2015 03/12/2013 Libro